Plata, comercio y guerra: España y América en la formación de la Europa moderna

שמור ב:
מידע ביבליוגרפי
Main Authors: Stein, Stanley J (Author), Stein, Barbara H (Author)
פורמט: ספר
שפה:ספרדית
יצא לאור: Barcelona, España Crítica 2002
סדרה:Crítica. Historia del Mundo Moderno
נושאים:
תגים: הוספת תג
אין תגיות, היה/י הראשונ/ה לתייג את הרשומה!

MARC

LEADER 00000nam a2200000 a 4500
001 UCL0788
003 CL-VaPUC
005 20210604001512.0
008 030818e20020000SP |||||||||||||||||spa|d
999 |c 304567  |d 304565 
020 |a 8484323676 
040 |c Pontificia Universidad Católica de Valparaíso 
082 0 4 |a 940.22 STE 2002  |2 21 
100 0 |a Stein, Stanley J  |e author  |9 477555 
245 1 0 |a Plata, comercio y guerra:  |b  España y América en la formación de la Europa moderna 
260 |a Barcelona, España  |b Crítica  |c 2002 
300 |a 350 páginas 
490 0 |a Crítica. Historia del Mundo Moderno 
583 |a last modification  |c 20030818 00:00:00  |k Rodrigo Vera 
650 0 |a Historia de Europa  |9 392003 
650 0 |a Historia moderna  |z ESPAÑA  |z AMERICA  |9 268036 
650 0 |a Desarrollo económico y social   |z ESPAÑA  |z AMERICA  |9 256320 
700 0 |a Stein, Barbara H  |e author  |9 477556 
942 |c BK  |2 ddc 
945 |d 20030818 00:00:00  |a cmena 
952 |0 0  |1 0  |2 ddc  |4 0  |6 940_220000000000000_STE_2002  |7 0  |8 A  |9 367000  |a BIBHIS  |b BIBHIS  |d 2019-11-21  |i 3890112  |o 940.22 STE 2002  |p 3890112  |r 2025-01-20  |t 1  |w 2019-11-21  |y BK  |k HIS